Paroles ZZCCMXTP « lezgongue » - Statistiques

Statistiques générales
  • Ce quiz a été pris 47 fois
  • Le résultat moyen est 247 sur 424
Statistiques - réponses
Réponse % Correct
L
100%
Le
100%
M
100%
T
100%
U
100%
Z
100%
C
97%
P
97%
X
97%
À
93%
A
93%
La
93%
93%
CC
90%
Ce
90%
De
90%
Je
90%
Un
90%
ZZ
90%
Ça
86%
Mère
86%
Ta
86%
Dans
83%
Est
83%
Et
83%
Les
83%
Pas
83%
Pute
83%
Une
83%
Aime
79%
Au
79%
C’est
79%
Comme
79%
Que
79%
Cette
76%
Gars
76%
Lezgongue
76%
Mais
76%
Mes
76%
Son
76%
Te
76%
Tout
76%
Tu
76%
Y
76%
Moi
72%
Petit
72%
Qui
72%
Sur
72%
Arme
69%
Champagne
69%
Clique
69%
En
69%
Faire
69%
Savoir
69%
TV
69%
Bébé
66%
Du
66%
Flûte
66%
Gros
66%
On
66%
Pour
66%
Qu’on
66%
Sont
66%
Tous
66%
Veux
66%
Cul
62%
Des
62%
Fait
62%
Fête
62%
Garçon
62%
Guerre
62%
Ils
62%
J’ai
62%
J’dirais
62%
J’les
62%
Société
62%
Corvette
59%
Fais
59%
Fou
59%
Punchline
59%
Rien
59%
Affaire
55%
Chaud
55%
L’été
55%
Nous
55%
Paris
55%
Plus
55%
Poutine
55%
Concu
52%
Depuis
52%
J’suis
52%
Quartier
52%
Race
52%
Saint-cyp
52%
Si
52%
Toulouse
52%
Vagabonde
52%
Zizi
52%
Berceau
48%
Boule
48%
Dis
48%
Fout
48%
Gongue
48%
Hashtag
48%
J’écoute
48%
J’étais
48%
Nuit
48%
Oublié
48%
Oula
48%
Projet
48%
Qu’est
48%
Ressert
48%
Taille
48%
Tbaise
48%
T’baise
48%
Blue Beam
45%
Boite
45%
Boîte
45%
Bombe
45%
Bouge
45%
Casting
45%
Classiques
45%
Loin
45%
L’unesco
45%
Mot
45%
Ouais
45%
Partance
45%
Saucé
45%
Servent
45%
Tellement
45%
T’niquer
45%
Trop
45%
Y’a
45%
Yeux
45%
ZZCC
45%
Zzcc
45%
Aguerri
41%
Askip
41%
Belek
41%
Bouilla
41%
Deux
41%
J’flotte
41%
Ronare
41%
Rouge
41%
Scande
41%
Tapis
41%
Arrive
38%
Beaucoup
38%
Bien
38%
Boules
38%
Cent
38%
Écoute
38%
Explosés
38%
Faut
38%
Gucci
38%
Mien
38%
Minute
38%
Niveau
38%
R1
38%
Sien
38%
Terrain
38%
T-max
38%
Trente
38%
Type
38%
Ville
38%
Classe
34%
Égoutte
34%
Fonscar
34%
Gouttes
34%
L’classe
34%
Mixtape
34%
Petites
34%
Dédicace
31%
Génies
31%
Haussé
31%
L’toutim
31%
Plein
31%
T’es
31%
Têtes
31%
Bougent
28%
Casquette
28%
Escrocs
28%
Légendraire
28%
Tu veux
28%
Au bout
24%
Chaussettes
24%
Crossée
24%
Gens
24%
N’écoute
24%
Teilles
24%
Vite
24%
Baskets
21%
Font
21%
J’ecris
21%
Passe
21%
Quand
21%
Roule
21%
Sérieux
21%
Sincère
21%
Temps
21%
Tex-mex
21%
Villains
21%
Zéro
21%
Bon
17%
Cité
17%
Crachant
17%
Crédibilité
17%
Défauts
17%
J’fais
17%
J’me
17%
Puis
17%
Répond
17%
Sort
17%
S’ouvrent
17%
Vis
17%
Volutes
17%
Après
14%
Huit
14%
J’commande
14%
J’évolue
14%
J’excelle
14%
Papier
14%
Quatre
14%
Qu’ils
14%
Rarement
14%
Suite
14%
Thunes
14%
Cris
10%
Dessus
10%
J’cours
10%
J’prends
10%
Liquidités
10%
Méthodes
10%
Mois
10%
Perspicace
10%
S’est
10%
Skeud
10%
Sûres
10%
Truc
10%
Vent
10%
Zèbres
10%
Bif
7%
Envier
7%
Évite
7%
J’prévois
7%
J’sors
7%
Suceur
7%
Récompensera
3%
Demain
0%
Oides
0%
Titres
0%
Aucun quiz correspondant
Distribution des résultats
% des personnes avec chaque résultat
Percentile par nombre de réponses
Votre historique - résultats
Vous n’avez pas pris ce quiz